Movies Cut Off at F Quiz Stats

Quiz Updated Jan 10, 2013

Challenge
Share
Tweet
Embed
Score 0/30 Timer 05:00
1 Play Today
Cut Off at F Movie Title % Correct
PULPPulp Fiction
99.4%
NO COUNTRYNo Country for Old Men
95.3%
CATCH ME ICatch Me If You Can
91.9%
THE RIGHT STUThe Right Stuff
87.7%
SATURDAY NIGHTSaturday Night Fever
87.2%
THE NIGHTMARE BEThe Nightmare Before Christmas
85.6%
L.A. CONL.A. Confidential
83.2%
PAY ITPay It Forward
82.1%
CAPECape Fear
80.7%
ALMOSTAlmost Famous
79.2%
THE MALTESEThe Maltese Falcon
78.7%
MAN ONMan on Fire
78.3%
G-G-Force
73.7%
ON THE WATEROn the Waterfront
73%
THE SWEET HEREAThe Sweet Hereafter
71.3%
Cut Off at F Movie Title % Correct
THE TOWERING INThe Towering Inferno
70.9%
HIGH PLAINS DRIHigh Plains Drifter
62.1%
LEON: THE PROLeon: The Professional
56%
HIS GIRLHis Girl Friday
53.6%
BURN ABurn After Reading
50.8%
HOPEHope Floats
49.8%
MY MAN GODMy Man Godfrey
47.5%
THE REMAINS OThe Remains of the Day
47%
GOSGosford Park
46.5%
BARTONBarton Fink
44.2%
HERBIEHerbie Fully Loaded
40.8%
NORTH DALLASNorth Dallas Forty
35%
LIKE WATERLike Water for Chocolate
34.6%
RABBIT-PROORabbit-Proof Fence
27.3%
KENTUCKYKentucky Fried Movie
21.5%

You're not logged in!

Compare scores with friends on all Sporcle quizzes.
Sign Up with Email
OR
Log In

You Might Also Like...

Show Comments

Extras

Top Quizzes Today


Score Distribution

Your Account Isn't Verified!

In order to create a playlist on Sporcle, you need to verify the email address you used during registration. Go to your Sporcle Settings to finish the process.